Intercambio educacional con el exterior
Saved in:
| Format: | Book |
|---|---|
| Language: | Spanish |
| Published: |
Beijing
Nueva Estrella
1997
|
| Series: | Presencia de China
|
| Subjects: | |
| Tags: |
Add Tag
No Tags, Be the first to tag this record!
|
MARC
| LEADER | 00000nam a2200000 a 4500 | ||
|---|---|---|---|
| 001 | UCL4773 | ||
| 003 | CL-VaPUC | ||
| 008 | 040227e19970000CH |||||||||||||||||spa|d | ||
| 020 | |a 7801028732 | ||
| 082 | 0 | 4 | |a 378.33 |b INT |2 21 |
| 245 | 1 | 0 | |a Intercambio educacional con el exterior |
| 300 | |a 26 p | ||
| 942 | |c BK | ||
| 945 | |d 20040227 00:00:00 |a cmena | ||
| 260 | |a Beijing |b Nueva Estrella |c 1997 | ||
| 650 | 7 | |a INTERCAMBIOS ESTUDIANTILES |2 CL-VaPUC |9 339151 | |
| 650 | 0 | |a Relaciones Internacionales |9 255740 | |
| 650 | 0 | |a Cooperación internacional |9 255447 | |
| 651 | 0 | |a China |9 257545 | |
| 583 | |a last modification |c 20040227 00:00:00 |k Rodrigo Vera | ||
| 490 | 0 | |a Presencia de China | |
| 999 | |c 307544 |d 307542 | ||
| 952 | |0 0 |1 0 |4 0 |6 378_330000000000000_INT_1997 |7 0 |8 A |9 373560 |a BIBGIM |b BIBGIM |d 2019-11-21 |i 3972186 |o 378.33 INT 1997 |p 3972186 |r 2025-01-15 |w 2019-11-21 |y BK |k ORI | ||